00622nam a22001931 450000100060000000300080000600500170001400800390003103500190007004000320008904100080012108200220012910000360015124500580018726000710024530000250031650400510034165100360039233678BD-RjUL20211209052037.0140511r19691966cau b 001 0 eng a(BD-RjUL)33769 aDLCcDLCdDLCdBD-RjULbeng aeng00a309.154bSRS 19691 aSrinivas, Mysore Narasimhachar.10aSocial change in modern India /c[by] M. N. Srinivas. aBerkeley :bUniversity of California Press,c1966. [printing 1969] axv, 194 p. ;c21 cm. aIncludes bibliographical references and index. 0aIndiaxSocial conditionsy1947-